000 00590nam a2200193 a 4500
001 000011197
005 20241021092515.0
008 091015s1999 dr a 000 p spa d
040 _aDO-SdBNP
_bspa
_cBNPHU
082 _aRD861.44
_bS684d
100 1 _aSolano, Miguel,
_91543
245 1 0 _aDesafío en la década del alma /
_cMiguel Solano.
260 _aSanto Domingo :
_bCocolo,
_c1999.
300 _a59 p :
_bil ;
_c22 cm.
590 _aInventariado, 2019 / DG
650 0 _aPoesía dominicana
_966
650 0 _aLiteratura dominicana.
_967
910 _aValidado. Control de calidad BNPHU
999 _c10916
_d10916